00258nam a2200109Ia 4500100001400000650001600014654001300030245006300043260002300106300000700129546001200136 aSyllabus  aAutomobiles aSyllabus aSyllabus For IInd Year Diploma in Computer Engg.From 2002 bBhavik Book Centre a72 aENGLISH